Study of DNA double-strand break repair in patients with acute leukaemia and MLL gene rearrangements induced by ionizing radiation in hematopoietic stem cells from umbilical cord blood

Enregistré dans:
Détails bibliographiques
Auteur principal: Cingelová, Paulína (Auteur)
Autres auteurs: Jakl, Lukáš (Directeur de thèse)
Format: Manuscrit Livre
Langue:slovaque
anglais
Publié: 2025
Sujets:
Accès en ligne:http://is.stuba.sk/zp/portal_zp.pl?podrobnosti=185992
Tags: Ajouter un tag
Pas de tags, Soyez le premier à ajouter un tag!

MARC

LEADER 00000ntm a22000003a 4500
001 stuzp105124
003 SK-STU
005 20250607211149.0
007 ta
008 150427s2015----xo-----f-mn---000-0-slo-d
040 |a STU  |b slo 
041 0 |a eng 
100 1 |a Cingelová, Paulína  |u 043000  |4 aut  |U FCHPT Fakulta chemickej a potravinárskej technológie  |T FCHPT Ústav biochémie a mikrobiológie  |X 113017  |U C3000  |Y 101  |7 113017 
242 0 1 |a Štúdium opravy DNA dvojvláknových zlomov u pacientov s akútnou leukémiou a prestavieb génu MLL pôsobením ionizujúceho žiarenia v hematopoetických kmeňových bunkách z pupočníkovej krvi  |y slo 
245 1 0 |a Study of DNA double-strand break repair in patients with acute leukaemia and MLL gene rearrangements induced by ionizing radiation in hematopoietic stem cells from umbilical cord blood 
260 |c 2025 
650 4 |a DNA double-strand breaks  |2 eng 
650 4 |a non-homologous end-joining  |2 eng 
650 4 |a umbilical cord blood  |2 eng 
650 4 |a hematopoietic stem cells  |2 eng 
650 4 |a preleukaemic fusion genes  |2 eng 
650 4 |a 53BP1  |2 eng 
650 4 |a γH2AX  |2 eng 
650 4 |a MLL gene rearrangements  |2 eng 
650 4 |a acute leukaemia  |2 eng 
650 4 |a ionizing radiation  |2 eng 
650 4 |a nehomologické spájanie koncov  |2 slo 
650 4 |a pupočníková krv  |2 slo 
650 4 |a hematopoetické kmeňové bunky  |2 slo 
650 4 |a preleukemické fúzne gény  |2 slo 
650 4 |a 53BP1  |2 slo 
650 4 |a yH2AX  |2 slo 
650 4 |a preskupenia génov MLL  |2 slo 
650 4 |a akútna leukémia  |2 slo 
650 4 |a ionizujúce žiarenie  |2 slo 
650 4 |a zlomy dvojvláknovej DNA  |2 slo 
700 1 |a Jakl, Lukáš  |4 ths  |X 58254  |7 58254 
856 4 |u http://is.stuba.sk/zp/portal_zp.pl?podrobnosti=185992